Možnosti humánnej ekológie

Prezentácia jednotlivých variánt ekologických etík. Ekologicko-etické koncepcie- holistická, kozmocentrická, biocentrická, antropocentrická a patocentrická - ich podstata.

Gespeichert in:
Bibliographische Detailangaben
1. Verfasser: Kiss, Lajos András
Format: Buchkapitel
Sprache:Tschechisch
Schlagworte:
Tags: Tag hinzufügen
Keine Tags, Fügen Sie das erste Tag hinzu!

MARC

LEADER 00000naa$a2200000$$$4500
001 0091768
005 20231121101623.7
041 0 |a cze 
044 |a SK 
245 1 0 |a Možnosti humánnej ekológie  |c Lajos András Kiss 
520 |a Prezentácia jednotlivých variánt ekologických etík. Ekologicko-etické koncepcie- holistická, kozmocentrická, biocentrická, antropocentrická a patocentrická - ich podstata. 
610 2 0 |a filozofia 
610 2 0 |a ekológia 
610 2 0 |a ekológia sociálna 
610 2 0 |a etika sociálna 
610 2 0 |a príroda 
100 1 |a Kiss, Lajos András